000 00290nam a22001337a 4500
008 180919b xxu||||| |||| 00| 0 eng d
020 _a9780670022151
041 _aeng
080 _a621
100 _a26
101 _aENG
245 _aWhat Technology Wants
_cKelly.K
942 _2udc
_cBK
999 _c48055
_d48055